00708nas a2200241 4500001001300000003000900013005001700022007000300039008003400042040005400076041000900130072000800139100001800147100001500165100002000180245009100200650000900291650002700300650001600327650001300343650002000356773009000376BR2012001230BR-BrBNA20231205120227.0ta230509b bl.|||p| |||| 00| 00por d aBR-BrBNAbporcBiblioteca Nacional de Agricultura a(Pt) aP011 aVidolin, G.P.1 aBiondi, D.1 aWandembruck, A.1 aA anta (tapirus terrestris)em fragmentos de floresta com araucária, Paraná, Brasil aANTA aPROTEÇÃO AMBIENTAL aARAUCÁRIA aECOLOGIA aFLORESTA NATIVA0 tFloresta (Brazil)xISSN 0015-3826 g(Oct-Dec 2011), v. 41(4) p. 685-694wBR2012001230